GEO-Volution : The Evolution of Colorado's Geological and Geotechnical Engineering Practice /

Bibliographic Details
Other Authors: Wiltshire, Richard L., Parekh, Minal L., Gross, Christoph M.
Format: eBook
Published: Reston, VA : American Society of Civil Engineers, 2006.
Series:Geotechnical Practice Publications.
Subjects:
Online Access:Connect to the full text of this electronic book

MARC

Tag First Indicator Second Indicator Subfields
LEADER 00000cam a22000005u 4500
001 in00002786887
005 20190331170702.0
006 m o d
007 cr nn 008mam|a
008 061106t2006 gw fo || 0 0 |||||
020 |a 9780784408902 
035 |a (American Society of Civil Eng)10.1061/9780784408902 
040 |d UtOrBLW 
245 0 0 |a GEO-Volution :  |b The Evolution of Colorado's Geological and Geotechnical Engineering Practice /  |c Edited by Richard L. Wiltshire, Minal L. Parekh, Christoph M. Gross. 
264 1 |a Reston, VA :  |b American Society of Civil Engineers,  |c 2006. 
300 |a 1 online resource. 
336 |a text  |b txt  |2 rdacontent 
337 |a computer  |b c  |2 rdamedia 
338 |a online resource  |b cr  |2 rdacarrier 
490 1 |a Geotechnical Practice Publications 
500 |a Electronic resource. 
653 |a Proceedings  |a Geo-Institute (G-I)  |a Geotechnics  |a Professional practice  |a Available in Print 
655 7 |a Electronic books.  |2 local 
700 1 |a Wiltshire, Richard L. 
700 1 |a Parekh, Minal L. 
700 1 |a Gross, Christoph M. 
730 0 |a ASCE Library. 
830 0 |a Geotechnical Practice Publications. 
856 4 0 |u http://proxy.library.tamu.edu/login?url=http://ascelibrary.org/action/showBook?doi=10.1061%2F9780784408902  |z Connect to the full text of this electronic book  |t 0 
999 |a MARS 
999 f f |s dcaa7621-6d83-36f1-87ae-cafc87c3b417  |i 1acefa75-be57-3f7e-9557-db3a0f79ed01  |t 0 
952 f f |a Texas A&M University  |b College Station  |c Electronic Resources  |d Available Online  |t 0  |h No information provided 
998 f f |t 0  |l Available Online